[Event "AUTO-ELITE-1643"]
[Site "http://www.queenalice.com/game.php?id=1411914"]
[Date "2016.3.3"]
[Round "1"]
[White "pedrolopez"]
[Black "RIVAS"]
[Result "1/2-1/2"]
[WhiteElo "2359"]
[BlackElo "2355"]

1. d4 Nf6 2. Bg5 d5 3. Bxf6 exf6 4. e3 c6 5. c4 Bb4+ 6. Nc3 Qa5 7. Qb3 Be6 8.
Rc1 dxc4 9. Bxc4 Bxc4 10. Qxc4 Nd7 11. Ne2 O-O 12. O-O Nb6 13. Qb3 f5 14. g3
Rfe8 15. Nf4 Rad8 16. a3 Bd6 17. Nce2 Qa4 18. Rc3 Qb5 19. Rfc1 Qa4 20. Qxa4 Nxa4
21. R3c2 Nb6 22. Nd3 g5 23. b4 Nd5 24. Nc3 Nxc3 25. Rxc3 f4 26. Nc5 Re7 27. Kg2
Kg7 28. Kf3 fxg3 29. hxg3 f5 30. Nd3 g4+ 31. Ke2 Kf6 32. Rh1 Rh8 33. Rb3 Kg5 34.
a4 h5 35. Kd2 h4 36. gxh4+ Rxh4 37. Rxh4 Kxh4 38. b5 cxb5 39. Rxb5 Kg5 40. Rd5
Bc7 41. Nc5 b6 42. Na6 Bh2 43. Nb4 Kf6 44. Rd8 Rh7 45. Rf8+ Kg6 46. Rg8+ Kf6 47.
Nd5+ Kf7 48. Rg5 Ke6 49. Nc3 Kf6 50. Rg8 Kf7 51. Ra8 Ke6 52. Ne2 Bd6 53. e4
1/2-1/2

[Event "AUTO-ELITE-1643"]
[Site "http://www.queenalice.com/game.php?id=1411915"]
[Date "2016.3.3"]
[Round "1"]
[White "RIVAS"]
[Black "pedrolopez"]
[Result "0-1"]
[WhiteElo "2355"]
[BlackElo "2359"]

1. Nf3 Nf6 2. d4 g6 3. c4 Bg7 4. g3 O-O 5. Bg2 d6 6. O-O Nbd7 7. Nc3 e5 8. e4
exd4 9. Nxd4 a6 10. Bg5 h6 11. Bf4 Re8 12. f3 Ne5 13. b3 Nfd7 14. Qd2 Kh7 15.
Rad1 Nc5 16. Bxe5 dxe5 17. Nc2 Ne6 18. Qxd8 Rxd8 19. Rxd8 Nxd8 20. Nd5 Ne6 21.
Rd1 b5 22. Nce3 Rb8 23. Bf1 b4 24. Bh3 Nd4 25. Bxc8 Rxc8 26. Nxb4 a5 27. Nbd5
Nxf3+ 28. Kf2 Nd4 29. c5 Bf8 30. Rc1 Ne6 31. c6 Bc5 32. Ke1 Bd4 33. Nc4 Nc5 34.
Nxe5 Nxb3 35. axb3 Bxe5 36. Rc5 Ra8 37. Kd2 a4 38. bxa4 Rxa4 39. Kd3 Ra3+ 40.
Kd2 h5 41. Rb5 Ra2+ 42. Kd3 Rxh2 43. Rb7 Rg2 44. Nxc7 Rxg3+ 45. Kc4 h4 46. Kd5
h3 47. Ne6 h2 48. Rxf7+ Kh6 49. c7 Bxc7 50. Nf8 Rg1 51. Rxc7 h1=Q 52. Rh7+ Kg5
53. Rxh1 Rxh1 54. Ke5 Rf1 55. Nh7+ Kh4 56. Nf6 g5 57. Nd5 g4 58. Kd4 g3 59. Ne3
Rf3 0-1

[Event "AUTO-ELITE-1643"]
[Site "http://www.queenalice.com/game.php?id=1411918"]
[Date "2016.3.3"]
[Round "1"]
[White "Zugswang"]
[Black "RIVAS"]
[Result "0-1"]
[WhiteElo "2241"]
[BlackElo "2368"]

1. e4 c5 2. Nc3 d6 3. g3 Nc6 4. Bg2 Nf6 5. Nge2 e5 6. O-O Be7 7. h3 O-O 8. d3
Re8 9. g4 Nd4 10. Nxd4 cxd4 11. Ne2 d5 12. Ng3 dxe4 13. Nxe4 Nxe4 14. Bxe4 Qc7
15. f4 Bd6 16. f5 Bd7 17. a3 a5 18. Bd2 Bc6 19. f6 g6 20. Bh6 Qb6 21. Qf3 Bxe4
22. Qxe4 Qxb2 23. Rfb1 Qxc2 24. Rxb7 Rab8 25. Rab1 Rxb7 26. Rxb7 Rc8 27. Qf3 e4
28. Qf2 Qd1+ 29. Kg2 e3 0-1

[Event "AUTO-ELITE-1643"]
[Site "http://www.queenalice.com/game.php?id=1411919"]
[Date "2016.3.3"]
[Round "1"]
[White "RIVAS"]
[Black "Zugswang"]
[Result "1-0"]
[WhiteElo "2378"]
[BlackElo "2209"]

1. d4 Nf6 2. Nf3 g6 3. g3 Bg7 4. Bg2 O-O 5. O-O d6 6. c4 Bg4 7. Nc3 c6 8. Qb3
Qc7 9. h3 Bxf3 10. Bxf3 Nbd7 11. e4 e5 12. d5 Nc5 13. Qc2 a5 14. Be3 Ncd7 15.
Rad1 Ne8 16. Rfe1 f5 17. exf5 gxf5 18. dxc6 bxc6 19. Nb5 cxb5 20. Bxa8 Kh8 21.
Bd5 Ndf6 22. b3 Nxd5 23. Rxd5 bxc4 24. Qxc4 Qxc4 25. bxc4 Rf7 26. Rxa5 Nf6 27.
c5 Ne4 28. Ra8+ Rf8 29. Rxf8+ Bxf8 30. c6 d5 31. c7 Nd6 32. Bc5 Nc8 33. Bxf8 Kg8
34. Bc5 1-0

[Event "AUTO-ELITE-1675"]
[Site "http://www.queenalice.com/game.php?id=1420320"]
[Date "2016.4.28"]
[Round "1"]
[White "jacconsultoria"]
[Black "RIVAS"]
[Result "1/2-1/2"]
[WhiteElo "2489"]
[BlackElo "2351"]

1. c4 g6 2. Nc3 Bg7 3. g3 Nf6 4. Bg2 O-O 5. Nf3 d6 6. O-O e5 7. d3 Nc6 8. Bd2 a5
9. Rb1 Bf5 10. a3 Re8 11. Re1 Qd7 12. Ng5 h6 13. Nge4 Nxe4 14. dxe4 Be6 15. Nd5
Kh7 16. b4 axb4 17. axb4 b6 18. b5 Na5 19. Qc2 Ra7 20. Ra1 Rea8 21. Ra4 Nb7 22.
Rea1 Rxa4 23. Rxa4 Rxa4 24. Qxa4 Qc8 25. Qa7 Bg4 26. Bf3 Be6 27. Bb4 Bh3 28. e3
Be6 29. h4 g5 30. hxg5 hxg5 31. Bd1 g4 32. Kg2 Bh8 33. Bc2 Bg7 1/2-1/2

[Event "AUTO-ELITE-1675"]
[Site "http://www.queenalice.com/game.php?id=1420321"]
[Date "2016.4.28"]
[Round "1"]
[White "RIVAS"]
[Black "jacconsultoria"]
[Result "1/2-1/2"]
[WhiteElo "2364"]
[BlackElo "2498"]

1. d4 d5 2. Nf3 Nf6 3. Bf4 c5 4. e3 Nc6 5. c3 Bg4 6. Qb3 Bxf3 7. gxf3 Qd7 8.
dxc5 e5 9. Bg5 Bxc5 10. Bxf6 gxf6 11. Rg1 Ke7 12. Nd2 Rhg8 13. Rxg8 Rxg8 14.
O-O-O Rg1 15. Bd3 Rxd1+ 16. Qxd1 f5 17. Qa4 e4 18. Bf1 Ne5 19. Qxd7+ Kxd7 20.
Bh3 Nd3+ 21. Kc2 Ne1+ 22. Kd1 Nxf3 23. Nxf3 exf3 24. Bxf5+ Ke7 1/2-1/2

[Event "AUTO-ELITE-1675"]
[Site "http://www.queenalice.com/game.php?id=1420328"]
[Date "2016.4.28"]
[Round "1"]
[White "RIVAS"]
[Black "chess3480"]
[Result "0-1"]
[WhiteElo "2364"]
[BlackElo "2453"]

1. e4 c6 2. d4 d5 3. exd5 cxd5 4. Nf3 Nc6 5. c3 Bg4 6. Bd3 e6 7. Nbd2 Bd6 8. O-O
Nf6 9. h3 Bh5 10. Re1 O-O 11. Nb3 Ne4 12. Bxe4 dxe4 13. Rxe4 Qc7 14. Re1 e5 15.
g4 Bg6 16. Nh4 exd4 17. Nxg6 fxg6 18. Nxd4 Nxd4 19. Qxd4 Bc5 20. Qd5+ Kh8 21.
Re5 Bxf2+ 22. Kg2 Rad8 0-1

[Event "AUTO-ELITE-1675"]
[Site "http://www.queenalice.com/game.php?id=1420329"]
[Date "2016.4.28"]
[Round "1"]
[White "chess3480"]
[Black "RIVAS"]
[Result "1/2-1/2"]
[WhiteElo "2437"]
[BlackElo "2376"]

1. b3 Nf6 2. Bb2 g6 3. Bxf6 exf6 4. c4 Bg7 5. Nc3 O-O 6. e3 f5 7. d4 c5 8. Nf3
f4 9. Be2 fxe3 10. fxe3 Nc6 11. O-O Re8 12. Qd2 Qa5 13. Kh1 f5 14. Rae1 d6 15.
Qc1 cxd4 16. exd4 Nxd4 17. Nxd4 1/2-1/2

[Event "AUTO-OPEN-3541"]
[Site "http://www.queenalice.com/game.php?id=1421375"]
[Date "2016.5.4"]
[Round "2"]
[White "daniloartigas"]
[Black "RIVAS"]
[Result "1-0"]
[WhiteElo "2114"]
[BlackElo "2355"]

1. c4 g6 2. Nc3 Bg7 3. d4 d6 4. e4 Nc6 5. Be3 e5 6. d5 Nce7 7. c5 dxc5 8. Bxc5
Bd7 9. Nf3 f5 10. Bc4 Nf6 11. d6 cxd6 12. Qxd6 Nxe4 13. Nxe4 fxe4 14. Nxe5 Bf5
15. Bb5+ Kf8 16. Nd7+ Kf7 17. Rd1 Qa5+ 18. b4 1-0

[Event "AUTO-OPEN-3541"]
[Site "http://www.queenalice.com/game.php?id=1421376"]
[Date "2016.5.4"]
[Round "2"]
[White "RIVAS"]
[Black "daniloartigas"]
[Result "1-0"]
[WhiteElo "2343"]
[BlackElo "2118"]

1. Nf3 Nf6 2. d4 e6 3. Bf4 c5 4. e3 d5 5. c3 Nc6 6. Bd3 Be7 7. O-O Nh5 8. Be5
Nxe5 9. Nxe5 Nf6 10. Nd2 O-O 11. dxc5 Bxc5 12. Ndf3 Qc7 13. Qa4 Bd6 14. Qd4 Nd7
15. Nxd7 Bxd7 16. Rfd1 Bc6 17. Qh4 h6 18. e4 Qb6 19. e5 Bc5 20. b3 Rac8 21. b4
Bxb4 22. Qxb4 Qc7 23. Qh4 Qa5 24. Qg3 Qxc3 25. Nd4 Ba4 26. Ne2 Qa5 27. Rdb1 Bc6
28. Qe3 f6 29. Nf4 Rce8 30. exf6 Rxf6 31. Nh5 Rff8 32. Qg3 Re7 33. Qg6 1-0

[Event "AUTO-ELITE-1580"]
[Site "http://www.queenalice.com/game.php?id=1433774"]
[Date "2016.7.30"]
[Round "2"]
[White "RIVAS"]
[Black "grotegeest"]
[Result "0-1"]
[WhiteElo "2337"]
[BlackElo "2674"]

1. e4 c5 2. Nf3 d6 3. d4 cxd4 4. Nxd4 Nf6 5. Nc3 g6 6. Be3 Bg7 7. f3 O-O 8. Qd2
Nc6 9. O-O-O d5 10. exd5 Nxd5 11. Nxc6 bxc6 12. Nxd5 cxd5 13. Qxd5 Qc7 14. Qc5
Qb7 15. Bd4 Bf5 16. Qb5 Qc7 17. Qc4 Qf4+ 18. Kb1 Rfc8 0-1

[Event "AUTO-ELITE-1580"]
[Site "http://www.queenalice.com/game.php?id=1433775"]
[Date "2016.7.30"]
[Round "2"]
[White "grotegeest"]
[Black "RIVAS"]
[Result "1-0"]
[WhiteElo "2598"]
[BlackElo "2319"]

1. e4 c5 2. Nf3 Nc6 3. d4 cxd4 4. Nxd4 g6 5. c4 Bg7 6. Nc2 d6 7. Be2 Nf6 8. Nc3
O-O 9. O-O Bd7 10. Be3 Ne5 11. f3 b6 12. Qd2 Rc8 13. b3 Bc6 14. Rac1 Ne8 15. Nb4
Bb7 16. Bh6 e6 17. Bxg7 Kxg7 18. Rfd1 a5 19. Nc2 f6 20. Nd4 Kf7 21. Qh6 Kg8 22.
Nxe6 Qe7 23. Qxf8+ Qxf8 24. Nxf8 Kxf8 25. f4 Nd7 26. Bg4 Bc6 27. Ne2 Ke7 28. Nd4
1-0

[Event "AUTO-OPEN-3541"]
[Site "http://www.queenalice.com/game.php?id=1441148"]
[Date "2016.9.13"]
[Round "3"]
[White "RIVAS"]
[Black "daniloartigas"]
[Result "0-1"]
[WhiteElo "2330"]
[BlackElo "2191"]

1. Nf3 Nf6 2. d4 e6 3. c3 c5 4. Bf4 Nc6 5. e3 d5 6. Bd3 h6 7. h3 cxd4 8. exd4
Be7 9. Nbd2 O-O 10. O-O Bd7 11. Ne5 a6 12. Qf3 b5 13. Nxc6 Bxc6 14. Rfe1 b4 15.
g4 bxc3 16. bxc3 Nh7 17. Bxh7+ Kxh7 18. Qd3+ Kg8 19. Nf3 Bb5 20. Qc2 Bd6 21. Bg3
Bxg3 22. fxg3 Qc7 23. Kg2 Rfc8 24. Re3 Rab8 25. Rb1 Rb6 26. Qb2 Bf1+ 0-1

[Event "AUTO-OPEN-3541"]
[Site "http://www.queenalice.com/game.php?id=1441149"]
[Date "2016.9.13"]
[Round "3"]
[White "daniloartigas"]
[Black "RIVAS"]
[Result "1/2-1/2"]
[WhiteElo "2159"]
[BlackElo "2271"]

1. e4 c5 2. Nf3 d6 3. d4 cxd4 4. Nxd4 Nf6 5. Nc3 g6 6. Be3 Bg7 7. f3 O-O 8. Qd2
Nc6 9. Bc4 Bd7 10. O-O-O Ne5 11. Bb3 Rc8 12. Kb1 Nc4 13. Bxc4 Rxc4 14. h4 h5 15.
g4 Qa5 16. gxh5 Nxh5 17. Nd5 Qd8 18. Nb3 b6 19. Bh6 e6 20. Bxg7 Kxg7 21. Ne3 Rc8
22. Qxd6 Bc6 23. Qxd8 Rfxd8 24. Rd4 Rxd4 25. Nxd4 Ba4 26. b3 Be8 27. Ne2 Rd8 28.
Rd1 Rxd1+ 29. Nxd1 e5 30. c4 Nf6 31. Ne3 Kh6 32. Kc2 Kh5 33. Ng2 Bd7 34. Ng3+
Kh6 35. Kc3 Bc6 36. Ne3 Kg7 37. b4 a6 38. Kb3 Kf8 39. Nd5 Nxd5 40. exd5 Bd7 41.
Ne4 f5 42. Nf6 Bc8 43. Nh7+ Ke7 44. Ng5 Kf6 45. a4 1/2-1/2

[Event "AUTO-OPEN-3541"]
[Site "http://www.queenalice.com/game.php?id=1441150"]
[Date "2016.9.13"]
[Round "3"]
[White "RIVAS"]
[Black "josebaron"]
[Result "1/2-1/2"]
[WhiteElo "2348"]
[BlackElo "1904"]

1. d4 d5 2. Bf4 e6 3. e3 Nf6 4. Nf3 Bd6 5. Bg3 Bxg3 6. hxg3 Nc6 7. c3 O-O 8.
Nbd2 Ne8 9. Bd3 f5 10. Qc2 Nf6 11. Ne5 Nxe5 12. dxe5 Ng4 13. Nf3 c6 14. O-O-O b5
1/2-1/2

[Event "AUTO-OPEN-3541"]
[Site "http://www.queenalice.com/game.php?id=1441151"]
[Date "2016.9.13"]
[Round "3"]
[White "josebaron"]
[Black "RIVAS"]
[Result "1/2-1/2"]
[WhiteElo "2007"]
[BlackElo "2337"]

1. e4 c5 2. Bc4 a6 3. d3 e6 4. a4 d5 5. exd5 exd5 6. Bb3 Nf6 7. Nf3 Be7 8. O-O
O-O 9. c4 d4 10. h3 Nc6 11. Nbd2 Bf5 12. Bc2 Re8 13. Re1 Bf8 14. b3 Rxe1+ 15.
Qxe1 Nb4 16. Bb1 Bxd3 17. Bxd3 Nxd3 18. Qe2 Nf4 19. Qe1 Qe8 20. Nf1 Bd6 21. Bxf4
Bxf4 22. N3d2 Kf8 23. g3 Bd6 24. Kg2 Qxe1 25. Rxe1 Re8 26. Rxe8+ Kxe8 27. f4 h5
28. Nf3 Ne4 29. Ne5 f6 30. Nd3 Ke7 31. h4 Ke6 32. Kf3 Kf5 33. Nf2 Nxf2 34. Kxf2
g5 35. fxg5 fxg5 36. hxg5 Kxg5 37. Kf3 1/2-1/2

[Event "AUTO-OPEN-3541"]
[Site "http://www.queenalice.com/game.php?id=1441152"]
[Date "2016.9.13"]
[Round "3"]
[White "RIVAS"]
[Black "Foliko"]
[Result "0-1"]
[WhiteElo "2299"]
[BlackElo "2096"]

1. d4 c6 2. Nf3 d5 3. c4 Bg4 4. Ne5 Bh5 5. Qb3 Qb6 6. e3 e6 7. c5 Qc7 8. Nc3 Nd7
9. Nxd7 Qxd7 10. Qa4 Be7 11. Bd3 Nf6 12. b4 O-O 13. b5 Qc8 14. Qb3 Nd7 15. a4
Bf6 16. Rb1 Bg6 17. Bxg6 hxg6 18. O-O a6 19. bxc6 bxc6 20. Bd2 Rb8 21. Qc2 Qc7
22. Rxb8 Rxb8 23. Rb1 Rxb1+ 24. Nxb1 Qb8 25. f4 g5 26. g3 gxf4 27. gxf4 g5 28.
fxg5 Bxg5 29. Nc3 Kg7 30. Qb1 Qc8 31. Qf1 Qh8 32. Qg2 Qh6 33. e4 f6 34. exd5
exd5 35. Bxg5 Qxg5 36. Qxg5+ fxg5 37. Kg2 Kg6 38. Kf3 Kf5 39. h3 Nf8 40. Kg3 Ne6
41. Ne2 Ke4 42. Kf2 Nxd4 0-1

[Event "AUTO-OPEN-3541"]
[Site "http://www.queenalice.com/game.php?id=1441153"]
[Date "2016.9.13"]
[Round "3"]
[White "Foliko"]
[Black "RIVAS"]
[Result "0-1"]
[WhiteElo "2081"]
[BlackElo "2314"]

1. e4 c5 2. Nf3 d6 3. d4 cxd4 4. Nxd4 Nf6 5. Bd3 g6 6. c3 Bg7 7. O-O O-O 8. Bg5
Nc6 9. Nd2 d5 10. exd5 Qxd5 11. N2f3 Bg4 12. Be3 e5 13. c4 Qd7 14. Nxc6 Qxc6 15.
Nxe5 Qe6 16. Nxg4 Qxg4 17. Rb1 Rfd8 18. Qb3 b6 19. Rfe1 Qc8 20. h4 Ng4 21. Bf4
Qc5 22. Be3 Nxe3 23. Rxe3 Bd4 24. Re2 Re8 25. Rbe1 Bxf2+ 26. Kf1 Bxe1 27. Rxe1
Rxe1+ 28. Kxe1 Re8+ 29. Kf1 Qe5 30. Qd1 Qxb2 31. a4 Qf6+ 32. Kg1 Qxh4 33. Be2
Qe4 34. Kf1 f5 35. Bf3 Qxc4+ 36. Kg1 Qc3 37. Qd5+ Kh8 38. Qf7 Qe1+ 39. Kh2 Qh4+
0-1

[Event "Challenge"]
[Site "http://www.queenalice.com/game.php?id=1449809"]
[Date "2016.11.13"]
[Round "-"]
[White "zugzwangkid"]
[Black "RIVAS"]
[Result "1-0"]
[WhiteElo "2167"]
[BlackElo "2315"]

1. d4 Nf6 2. c4 d6 3. Nf3 g6 4. Nc3 Bg7 5. e4 O-O 6. Be2 e5 7. O-O Nc6 8. d5 Ne7
9. Ne1 c6 10. Be3 cxd5 11. cxd5 a6 12. Nd3 Nd7 13. Rc1 Nb6 14. Qb3 Nd7 15. Qb4
Nb8 16. Bb6 Qd7 17. Bd1 f5 18. Ba4 1-0

[Event "Challenge"]
[Site "http://www.queenalice.com/game.php?id=1450010"]
[Date "2016.11.13"]
[Round "-"]
[White "RIVAS"]
[Black "Bzwugzwang"]
[Result "0-1"]
[WhiteElo "2268"]
[BlackElo "2223"]

1. d4 d5 2. Nf3 Nf6 3. Bf4 Bf5 4. e3 Nbd7 5. c4 e6 6. Qb3 dxc4 7. Bxc4 Nb6 8.
Be2 a5 9. Nc3 a4 10. Qd1 a3 11. Qb3 Ne4 12. Nd2 axb2 13. Qxb2 Ba3 14. Qb3 Nxc3
15. Qxc3 Nd5 16. Qc4 Nxf4 17. exf4 O-O 18. O-O Qd6 19. Qc3 Qb4 20. Qe3 Bb2 21.
a3 Qxd4 22. Qxd4 Bxd4 23. Ra2 Bc5 24. a4 Rfd8 25. Nf3 Be4 26. Ne5 Bd5 27. Raa1
Bd4 28. Ra3 Bb2 29. Rh3 Rxa4 30. Nd3 Bd4 31. Rc1 b5 32. Bf3 c5 33. g4 c4 34. Ne5
Bxe5 35. fxe5 b4 0-1

[Event "Challenge"]
[Site "http://www.queenalice.com/game.php?id=1464780"]
[Date "2017.2.15"]
[Round "-"]
[White "zugzwangskie"]
[Black "RIVAS"]
[Result "1-0"]
[WhiteElo "2342"]
[BlackElo "2281"]

1. e4 c5 2. Nf3 d6 3. d4 cxd4 4. Nxd4 Nf6 5. Nc3 g6 6. Be3 Bg7 7. f3 Nc6 8. Qd2
O-O 9. O-O-O Nxd4 10. Bxd4 Bd7 11. Kb1 Qa5 12. Nd5 Qd8 13. Nxf6+ exf6 14. h4 h5
15. g4 f5 16. Bxg7 Kxg7 17. gxh5 gxh5 18. Rg1+ 1-0